000
00384nam a2200133Ia 4500
008
151001s9999||||xx |||||||||||||| ||und||
100
_a
राधाकृष्ण गुप्ता
245
_a
वैदिक गणित माध्यमिक
250
_a
1
260
_b
बी आर पी पब्लि
260
_c
२०१०
300
_a
116
365
_b
21
999
_c
998386
_d
998383